Statistics for The Ultimate Harry Potter Spells and Potions Quiz

Click here to take the quiz!

General Stats

  • This quiz has been taken 1,007 times
    (1,003 since last reset)
  • The average score is 33 of 96

Answer Stats

HintAnswer% Correct
Killing curseAvada kedavra
98%
Opens locksAlohamora
96%
Summoning charmAccio
95%
Torture curseCrucio
85%
Produces waterAguamenti
84%
Creates lightLumos
80%
Disarms opponentsExpelliarmus
78%
Defends against dementorsExpecto patronum
76%
Extinguishes lightNox
74%
Repair charmReparo
74%
Makes an object flyWingardium leviosa
74%
Confuses subjectConfundo
71%
EnlargesEngorgio
70%
Erases memoriesObliviate
70%
Controls subject's mindImperio
69%
Allows drinker to change shape into whomever they pleasePolyjuice potion
67%
Shield CharmProtego
64%
Liquid luckFelix Felicis
63%
Defence against a boggartRiddikulus
61%
Body-bind cursePetrificus totalus
60%
Knocks subject outStupefy
58%
Truth potionVeritaserum
57%
Silencing charmSilencio
56%
Creates more light than aboveLumos maxima
55%
Wipes Maurauder's Map cleanMischief Managed
55%
LevitationLevicorpus
54%
Repairs glassesOcculus Reparo
53%
Creates a tear/ripDiffindo
52%
Reduces an object to dustReducto
50%
Produces small explosionBombarda
49%
Conjures the Dark MarkMorsmordre
47%
Produces fireIncendio
46%
Wand acts as a swordSectumsempra
46%
Mends broken bonesEpiskey
45%
Regrowing bonesSkele-Gro
44%
Allows a werewolf to keep a human mind when in wolf formWolfsbane
44%
Love potionAmortentia
41%
Cleaning charmScourgify
41%
Mind reading spellLegilimens
38%
Deafens subjectMuffliato
38%
Produces a snakeSerpensortia
35%
Bigger Shield CharmProtego maxima
33%
Wand produces birdsAvis
31%
Shrinking CharmReducio
30%
Magnifies voiceSonorus
29%
Tickling CurseRictusempra
28%
Turns animal into water gobletFera verto
26%
Incredibly powerful sleeping potionDraught of Living Death
25%
Wand acts as a compassPoint me
25%
Slows down falling objectsArresto Momento
23%
Replicates an objectGeminio
23%
Stops any incantationFinite incantatem
22%
Blocks object's motionImpedimenta
22%
Reveals a wand's last spellPriori incantato
22%
ExplosionConfringo
21%
Locks doorsColloportus
20%
Hides a secret in a personFidelius
20%
Reveals human presenceHomenum revelio
20%
Creates sunlightLumos solem
19%
Makes subject's tongue stick to roof of mouthLanglock
18%
Whip curse/Releases bondsRelashio
18%
Vanishing/cleaning spellEvanesco
17%
Counter charm to aboveLiberacorpus
17%
Makes legs move wildly out of controlTarantallegra
17%
Wakes up an unconcious personRenervate
15%
Knocks object backwardsFlipendo
14%
Protects subject from weatherImpervius
14%
Ties subject upIncarcerous
14%
Leg-lock curseLocomotor mortis
14%
Opens secret passage behind one-eyed witch in HogwartsDissendium
13%
Constructs tentsErecto
13%
Produces flowersOrchideous
13%
Demagnifies voiceQuietus
12%
Enlarges teethDensaugeo
11%
Renders subject motionlessImmobulus
11%
Reveals invisible inkAparecium
10%
Moves bodiesMobilicorpus
10%
Unsticks an objectWaddiwasi
10%
Deletes wand historyDeletrius
9%
Healing potionEssence of Dittany
9%
Creates a splintFerula
9%
Creates boils on subjectFurnunculus
9%
Reveals special, hidden informationSpecialis revelio
9%
Turns small objects into birdsAvifors
8%
Damages eyesightConjunctivitis
7%
Creates a fiery lineFlagrate
7%
Turns object to iceGlisseo
7%
Cleaning spellTergeo
7%
Removes all bones in the armBraccia Emendo
6%
Moves objectsMobiliarbus
6%
Laughing potion (Hint: the name is a misnomer)Hiccuping solution
3%
Turns transfigured human back to normal humanHomorphus
3%
Repels MugglesMuggletum repellum
3%
Protects from hexesSalvio hexio
3%
Causes confusionBefuddlement Draught
2%
Heals woundsVulnera senento
2%

Score Distribution

Percentile by Number Answered

Percent of People with Each Score

Your Score History

You have not taken this quiz since the last reset